000 01176nam a2200241Ia 4500
003 Ost
005 20260507075041.0
008 260507s9999||||xx |||||||||||||| ||und||
040 _cfsecg
041 _aara
082 _a300
100 _aعفيفي، صديق محمد
_eمؤلف
245 0 _aالسلوك التنظيمي :
_bدراسة في التحليل السلوكي للبيروقراطية المصرية /
_c صديق محمد عفيفي
250 _aطبعة 10
260 _aالاسكندرية:
_bالمكتب العربي الحديث,
_c2003
300 _a608 صفحة؛
_bإيضاحات ؛
_c24 سم
520 _aالسلوك التنظيمي والمحددات الشخصية للسلوك، مقارنة بين بعض نظريات الشخصية، المحددات البيئية للسلوك، دراسة درجة التفاعل السلوكي في التنظيم، التحليل السلوكي للبيروقراطية المصرية
653 _aالآداب الاجتماعية
653 _aالأخلاق
653 _aالسلوك
700 _aعبد الهادي، أحمد ابراهيم
_eمؤلف ثانوي
942 _cكتاب
999 _c42513
_d42513